[Event "ch-VIE 2013"]
[Site "Ho Chi Minh City VIE"]
[Date "2013.11.25"]
[Round "9.6"]
[White "Duong The Anh"]
[Black "Pham Duc Thang"]
[Result "1/2-1/2"]
[WhiteElo "2348"]
[BlackElo "2228"]

1.d4 d5 2.c4 c6 3.Nf3 Nf6 4.Qb3 e6 5.Nc3 Nbd7 6.Bg5 Be7 7.e3 Ne4 8.Bxe7 Qxe7
9.Nxe4 dxe4 10.Nd2 e5 11.O-O-O O-O 12.Be2 Nf6 13.Qc3 Re8 14.Rhe1 a5 15.h3 Qb4
16.Nb1 Be6 17.a3 Qe7 18.g4 b5 19.Qc2 Bxc4 20.Bxc4 bxc4 21.Qxc4 Nd5 22.Nc3 exd4
23.Rxd4 Nxc3 24.Qxc3 Qh4 25.Qc2 Re6 26.Rxe4 Rxe4 27.Qxe4 Qxf2 28.Rd1 Rb8
29.Qe5 Rf8 30.Qf4 Qg2  1/2-1/2

[Event "TCh-BEL 2013-14"]
[Site "Belgium BEL"]
[Date "2013.12.01"]
[Round "5.3"]
[White "Illner,A"]
[Black "De Wit,M"]
[Result "1-0"]
[WhiteElo "2464"]
[BlackElo "2269"]

1.d4 Nf6 2.c4 e6 3.Nc3 d5 4.Nf3 c6 5.Qb3 Qb6 6.g3 Na6 7.Bg2 Qxb3 8.axb3 Nb4
9.O-O Nd7 10.Bf4 Be7 11.c5 b6 12.cxb6 Nxb6 13.Ra5 Bb7 14.Rc1 O-O 15.Bg5 Bd6
16.Bd2 Rfc8 17.Bf1 Be7 18.e3 f6 19.Ne2 Kf7 20.Rca1 a6 21.Nf4 Ra7 22.Bh3 f5
23.Ne5+ Ke8 24.Nxe6 g6 25.Nc5  1-0

[Event "Caissa IM December 2013"]
[Site "Kecskemet HUN"]
[Date "2013.12.19"]
[Round "4.3"]
[White "Fang,Yuxiang"]
[Black "Antal,T"]
[Result "1/2-1/2"]
[WhiteElo "2189"]
[BlackElo "2307"]

1.d4 d5 2.c4 e6 3.Nf3 Nf6 4.Nc3 c6 5.Qb3 dxc4 6.Qxc4 b5 7.Qb3 a6 8.Bg5 Nbd7
9.Rd1 Bb7 10.e3 Qb6 11.Be2 Be7 12.O-O O-O 13.Ne5 Rfe8 14.Bxf6 Nxf6 15.Bf3 Rec8
16.Nd3 Nd7 17.Ne4 c5 18.dxc5 Nxc5 19.Ndxc5 Bxc5 20.Nxc5 Rxc5 21.Bxb7 Qxb7
22.Rd6 Rac8 23.Rfd1 h6 24.Rd8+ Rxd8 25.Rxd8+ Kh7 26.Qd3+ f5 27.h3 Rc1+ 28.Kh2 Qc7+
29.Qd6 Kg6 30.f4 Qc6 31.Rd7 Rc2 32.Qxc6 Rxc6 33.Kg3 Kf6 34.Ra7 g5 35.Kf3 e5
36.fxe5+ Kxe5 37.g4 Rf6 38.Ke2 f4 39.Re7+ Kd6 40.Re8 fxe3 41.Kxe3 Kc5 42.Re5+ Kc4
43.Re4+ Kd5 44.Rd4+ Ke5  1/2-1/2

[Event "51st ch-IND Premier 2013"]
[Site "Jalgaon IND"]
[Date "2013.12.30"]
[Round "13.2"]
[White "Thejkumar,M"]
[Black "Adhiban,Baskaran"]
[Result "0-1"]
[WhiteElo "2452"]
[BlackElo "2569"]

1.d4 Nf6 2.c4 e6 3.Nf3 d5 4.Nc3 c6 5.Qb3 Nbd7 6.Bg5 Qa5 7.e3 Ne4 8.Bf4 g5
9.Bg3 h5 10.h4 g4 11.Nd2 Nxg3 12.fxg3 Bh6 13.cxd5 cxd5 14.Ne2 e5 15.O-O-O O-O
16.Kb1 Re8 17.Nc3 Nb6 18.Bb5 exd4 19.Bxe8 Bf5+ 20.e4 dxc3 21.Bxf7+ Kxf7 22.Rhf1 cxd2
23.Rxf5+ Kg7 24.Qc3+ Qxc3 25.bxc3 Rc8 26.Kc2 Nc4 27.Rxh5 dxe4  0-1

[Event "Bay Area International 2014"]
[Site "Santa Clara USA"]
[Date "2014.01.03"]
[Round "2.5"]
[White "Margvelashvili,G"]
[Black "Porper,E"]
[Result "1-0"]
[WhiteElo "2555"]
[BlackElo "2446"]

1.Nf3 Nf6 2.c4 e6 3.Nc3 d5 4.d4 c6 5.Qb3 dxc4 6.Qxc4 b5 7.Qd3 a6 8.Bg5 c5
9.Bxf6 gxf6 10.e3 c4 11.Qe2 Bb7 12.g3 Nd7 13.Bg2 Nb6 14.O-O Be7 15.Rfc1 O-O
16.a3 Qd7 17.Nd2 Bxg2 18.Kxg2 a5 19.a4 b4 20.Nce4 Nxa4 21.Nxc4 f5 22.Ned2 Qb5
23.Qd1 Nb6 24.Nxb6 Qxb6 25.Qa4 Rfc8 26.Rxc8+ Rxc8 27.Qxa5 Qxa5 28.Rxa5 Rc2
29.Ra8+ Bf8 30.Nf3 Rxb2 31.Ne5 Kg7 32.Ra7 Rc2 33.Rxf7+ Kg8 34.Rb7 Rc3 35.Rb6 b3
36.Nf3 Bh6 37.Kf1 f4 38.gxf4 Bxf4 39.h3 Bc7 40.Rb7 Ba5 41.Kg2 h6 42.Rb5 Bc7
43.Nd2  1-0